G11-鹤大高速公路途径行政区 - Statistics

General Stats
  • This quiz has been taken 15 times
  • The average score is 10 of 11
Answer Stats
Answer % Correct
鹤岗
100%
佳木斯
92%
延边州
92%
丹东
92%
大连
92%
七台河
85%
牡丹江
85%
白山
85%
通化
85%
本溪
85%
鸡西
77%
No matching quizzes found
Score Distribution
Percent of People with Each Score
Percentile by Number Answered
Your Score History
You have not taken this quiz